| 000 | 00600nam a22001817a 4500 | ||
|---|---|---|---|
| 005 | 20260311102131.0 | ||
| 008 | 260303b |||||||| |||| 00| 0 eng d | ||
| 020 | _a9789347806674 | ||
| 040 | _cVITAP | ||
| 082 |
_223 _a054.54 NAM |
||
| 100 |
_aNambath, Suresh Ed. _917180 |
||
| 245 |
_aThe Hindu Year Book 2026 _c/ Suresh Nambath Ed. |
||
| 250 | _a2nd | ||
| 260 |
_aChennai _bTHG Publishing Pvt. Ltd. _c2026 |
||
| 300 | _a511p, ill.: 23cm | ||
| 650 | 0 |
_aNational Affairs (India), International Affairs, Economy & Commerce, Science & Technology, Environment & Climate etc. _917181 |
|
| 942 |
_2ddc _cBK |
||
| 999 |
_c47316 _d47316 |
||